Auto da barca do inferno (Record no. 15912)

MARC details
000 -Etiqueta do registo
Valores 00372nam a2200133 4500
100 ## - Dados gerais de processamento
Dados gerais 20240424 pory50
200 ## - Titulo e menção de responsabilidade
Título próprio Auto da barca do inferno
Primeira menção de responsabilidade Gil Vicente
210 ## - Publicação
Local de publicação Porto
Nome do editor Areal
Data de publicação [S.D.]
215 ## - Descrição física 
Paginação / Volumes 143 p.
Dimensões 16cm x 16cm
300 ## - Notas gerais 
Texto da nota Edição escolar de Amélia Pinto Pais<br/>Oferta de Daiane
801 ## - Fonte de origem
País PT
Agência BMA
Regras de catalogação RPC
990 ## - Elementos KOHA
Tipo de documento Livro
Holdings
Situação do levantamento Estado Biblioteca de origem Código de barras Cota Permissão de empréstimo Tipo de documento Forma de aquisição
    Biblioteca Municipal do Alandroal 18050/24 821.134.3-2 VIC   Livro Oferta

Powered by Koha